[Event "XXXI Campeonato Regional Absoluto Individual"]
[Site "Museo del Vino - Jumilla 2016"]
[Date "2016.04.02"]
[Round "1.1"]
[White "José Carlos Martínez Bastida"]
[Black "Emilio Miguel Sánchez Jerez"]
[WhiteElo "1650"]
[BlackElo "2272"]
[BlackTitle "FM"]
[Result "0-1"]

1. e4 Nc6 2. d4 d5 3. e5 f6 4. f4 Bf5 5. c3 Nh6 6. Bd3 Qd7 7. Nf3 O-O-O 8.
Na3 Be4 9. Nc2 e6 10. Qe2 f5 11. h3 Be7 12. Be3 Kb8 13. Bf2 Nf7 14. h4 Nh6
15. Ne3 Na5 16. Bb5 c6 17. Ba4 b5 18. Bc2 Ka8 19. b4 Nc4 20. a3 Nb6 21. Bb3
Kb7 22. Nd2 Rhf8 23. Qd1 Ra8 24. Bc2 a5 25. Nb3 a4 26. Nd2 Rg8 27. Qe2 Raf8
28. O-O-O g6 29. Rdg1 Qe8 30. Nf3 Bxf3 31. Qxf3 Qf7 32. Bd3 Qe8 33. Nd1 Rf7
34. Be3 Qd8 35. Nf2 Rfg7 36. g3 Ka6 37. Rg2 Nf7 38. Rhg1 h6 39. Kc2 g5 40.
hxg5 hxg5 41. g4 fxg4 42. Rxg4 Nh6 43. R4g2 Qf8 44. Ng4 Nf5 45. Bxf5 Qxf5+
46. Kb2 Nc4+ 47. Ka2 Qd3 48. Rc1 gxf4 49. Qxf4 Nxe3 50. Qxe3 Qxe3 51. Nxe3
Rxg2+ 52. Nxg2 Rxg2+ 53. Kb1 Bg5 54. Rf1 Kb6 55. Rf7 Bd2 56. Rf3 Re2 57.
Rd3 Kc7 58. Kc2 Bxc3+ 59. Kxc3 Ra2 60. Rd1 Rxa3+ 61. Kc2 Rb3 62. Rh1 Rxb4
63. Rh7+ Kb6 64. Rh3 Rxd4 65. Kb2 Re4 0-1

[Event "XXXI Campeonato Regional Absoluto Individual"]
[Site "Museo del Vino - Jumilla 2016"]
[Date "2016.04.02"]
[Round "1.2"]
[White "Iban Lucas Vega"]
[Black "Carlos Javier Molina Molina"]
[WhiteElo "2209"]
[BlackElo "1643"]
[Result "1-0"]

1. e4 e5 2. Nf3 Nc6 3. d4 exd4 4. Nxd4 Bc5 5. Nb3 Bb6 6. Qe2 d6 7. Nc3 Nf6
8. Be3 Be6 9. O-O-O Qe7 10. f3 Bxe3+ 11. Qxe3 a5 12. Bb5 O-O 13. Rhe1 Nb4
14. a3 Bxb3 15. cxb3 c6 16. Bf1 Na6 17. Bxa6 Rxa6 18. Qd4 Ne8 19. Kb1 b5
20. Ne2 c5 21. Qd3 Nc7 22. Nf4 Qf6 23. Nd5 Nxd5 24. Qxd5 Rb6 25. e5 Qg6+
26. Ka2 dxe5 27. Qxc5 Rc6 28. Qxb5 Rc2 29. Qxe5 Qxg2 30. Rg1 1-0

[Event "XXXI Campeonato Regional Absoluto Individual"]
[Site "Museo del Vino - Jumilla 2016"]
[Date "2016.04.02"]
[Round "1.3"]
[White "José Alfredo Caballero Frutos"]
[Black "Alejandro Castellanos Gómez"]
[WhiteElo "1639"]
[BlackElo "2137"]
[Result "0-1"]

1. d4 d6 2. e4 g6 3. Nc3 Bg7 4. Be3 Nd7 5. Qd2 e5 6. Nge2 Ne7 7. O-O-O a6
8. Bh6 Bf6 9. Kb1 b5 10. f4 exf4 11. Qxf4 Ng8 12. Ng3 g5 13. Qf3 Nxh6 14.
e5 Rb8 15. exf6 Qxf6 16. Qe3+ Kf8 17. Nge4 Qf4 18. Qd3 Nf6 19. Nxf6 Qxf6
20. Be2 Qf5 21. Qd2 Qf4 22. Qe1 Bb7 23. Rf1 Qe3 24. d5 b4 25. Rd3 Qe5 26.
Nd1 Bxd5 27. Ne3 Be4 28. Nc4 Qc5 29. Re3 d5 30. Ne5 Qxe3 31. Nd7+ Kg7 0-1

[Event "XXXI Campeonato Regional Absoluto Individual"]
[Site "Museo del Vino - Jumilla 2016"]
[Date "2016.04.02"]
[Round "1.4"]
[White "Ángel Murcia Paredes"]
[Black "Antonio Palao Morales"]
[WhiteElo "2128"]
[BlackElo "1637"]
[WhiteTitle "CM"]
[Result "1-0"]

1. e4 e6 2. d4 d5 3. e5 c5 4. c3 Nc6 5. a3 Qb6 6. Nf3 cxd4 7. cxd4 Bd7 8.
Nc3 a6 9. b4 Nge7 10. Be3 Nf5 11. Bd3 Nxe3 12. fxe3 Be7 13. O-O Qd8 14. Na4
b6 15. Rc1 O-O 16. Bb1 g6 17. Nc3 b5 18. e4 dxe4 19. Nxe4 Rc8 20. Qd2 f5
21. Nc5 Bxc5 22. dxc5 Qe7 23. Ba2 Kg7 24. Rcd1 Nb8 25. Qc3 Rfe8 26. Rd6 Rc6
27. Rd4 h6 28. Rfd1 g5 29. Qd2 Bc8 30. h3 Kf7 31. Qd3 Kg7 32. Bb3 Qb7 33.
Qd2 Qe7 34. a4 Rc7 35. axb5 axb5 36. Rd6 Rc6 37. Nd4 Rxd6 38. cxd6 Qb7 39.
Rc1 Kg6 40. Kh1 Bd7 41. Rc7 Qe4 42. Rxd7 Nxd7 43. Bxe6 Rxe6 44. Nxe6 Qxe5
45. Nc5 Qa1+ 46. Kh2 Qa7 47. Qe3 Nxc5 48. bxc5 Kf6 49. Qc3+ Ke6 50. Qb3+
Ke5 51. Qxb5 Ke6 52. Qe8+ 1-0

[Event "XXXI Campeonato Regional Absoluto Individual"]
[Site "Museo del Vino - Jumilla 2016"]
[Date "2016.04.02"]
[Round "1.5"]
[White "Ernesto Rico Guardiola"]
[Black "Luis Fernández Álvarez"]
[WhiteElo "1633"]
[BlackElo "2085"]
[Result "0-1"]

1. d4 Nf6 2. c4 d6 3. g3 g6 4. Bg2 Bg7 5. Nf3 O-O 6. O-O Nc6 7. Nc3 Bf5 8.
Re1 Ne4 9. Be3 Nxc3 10. bxc3 Be4 11. Nd2 Bxg2 12. Kxg2 Qd7 13. f3 Na5 14.
Bf2 Rfc8 15. e4 b6 16. a4 c5 17. Qe2 Rc7 18. Rec1 cxd4 19. cxd4 Rac8 20.
Ra2 e6 21. Be3 d5 22. exd5 exd5 23. c5 bxc5 24. Bf4 Rc6 25. Qb5 Nb7 26.
dxc5 a6 27. Qb4 Nxc5 28. Rac2 Ne6 29. Rxc6 Nxf4+ 30. Qxf4 Rxc6 31. Rxc6
Qxc6 32. Qb8+ Bf8 33. Qb3 Be7 34. Kf1 Bf6 35. Ke2 Kg7 36. Nf1 h5 37. Ne3 d4
38. Nc2 h4 39. gxh4 Qd6 40. Kd3 Qf4 41. Kc4 Qxh2 42. Nxd4 Qxh4 43. Qd3
Qxd4+ 44. Qxd4 Bxd4 45. Kxd4 g5 46. Ke3 f5 47. Kf2 Kf6 48. Ke3 Ke5 49. Ke2
Kd4 50. Kd2 a5 51. Ke2 Kc4 52. Ke3 Kb4 53. Kd4 g4 54. fxg4 fxg4 55. Ke3
Kxa4 56. Kf4 Kb3 57. Kxg4 0-1

[Event "XXXI Campeonato Regional Absoluto Individual"]
[Site "Museo del Vino - Jumilla 2016"]
[Date "2016.04.02"]
[Round "1.6"]
[White "Sonia Gil Quilez"]
[Black "Pedro Muñoz Candela"]
[WhiteElo "2060"]
[BlackElo "1628"]
[WhiteTitle "WFM"]
[Result "1-0"]

1. d4 Nf6 2. c4 e6 3. Nc3 Bb4 4. Qc2 c5 5. dxc5 Bxc5 6. Nf3 Nc6 7. a3 a6 8.
e3 Be7 9. b4 d6 10. Bb2 h6 11. Bd3 Bd7 12. O-O O-O 13. Rfd1 Qc7 14. Rac1
Na7 15. Qe2 b6 16. Nd4 Nc6 17. Bb1 Rfd8 18. Qc2 Nxd4 19. Rxd4 g6 20. Qe2
Bc6 21. Rf4 e5 22. Rh4 Kg7 23. Rh3 Bd7 24. Rg3 Be6 25. Nd5 Bxd5 26. cxd5
Qb7 27. e4 Rdc8 28. Rf1 Nh7 29. f4 f6 30. Qh5 Ng5 31. Qe2 Nf7 32. Qg4 Nh8
33. h4 Rg8 34. h5 Kh7 35. fxe5 fxe5 36. Rf7+ Nxf7 37. hxg6+ 1-0

[Event "XXXI Campeonato Regional Absoluto Individual"]
[Site "Museo del Vino - Jumilla 2016"]
[Date "2016.04.02"]
[Round "1.7"]
[White "María Pilar López García"]
[Black "Asensio Sabater Sánchez"]
[WhiteElo "1605"]
[BlackElo "2050"]
[Result "1/2-1/2"]

1. e4 c5 2. Nf3 e6 3. c4 Nc6 4. Nc3 Nf6 5. Be2 d5 6. exd5 exd5 7. d4 Be6 8.
cxd5 Nxd5 9. O-O Nxc3 10. bxc3 cxd4 11. Nxd4 Nxd4 12. cxd4 Be7 13. Bf3 Bc8
14. Rb1 Qc7 15. Qa4+ Bd7 16. Rxb7 Qxb7 17. Bxb7 Bxa4 18. Bxa8 O-O 19. Bf3
Rc8 20. Be3 Bc2 21. h3 h6 22. Re1 Bb4 23. Rc1 Ba3 24. Re1 Bb4 1/2-1/2

[Event "XXXI Campeonato Regional Absoluto Individual"]
[Site "Museo del Vino - Jumilla 2016"]
[Date "2016.04.02"]
[Round "1.8"]
[White "Daniel Alarcón Olmos"]
[Black "Antonio Ruiz Sánchez"]
[WhiteElo "2049"]
[BlackElo "1552"]
[Result "1-0"]

1. e4 d6 2. d4 Nf6 3. Bd3 g6 4. c4 Bg7 5. Ne2 O-O 6. O-O Nbd7 7. Nbc3 b6 8.
f4 e5 9. fxe5 dxe5 10. d5 Ng4 11. h3 Nh6 12. Be3 Nc5 13. b4 Nxd3 14. Qxd3
f5 15. c5 fxe4 16. Nxe4 Nf5 17. Bg5 Qe8 18. g4 h6 19. Bd2 Nh4 20. Rxf8+
Bxf8 21. Nf6+ 1-0

[Event "XXXI Campeonato Regional Absoluto Individual"]
[Site "Museo del Vino - Jumilla 2016"]
[Date "2016.04.02"]
[Round "1.9"]
[White "Francisco Pérez García"]
[Black "José Joaquín Sánchez Fernández"]
[WhiteElo "1537"]
[BlackElo "1939"]
[Result "1-0"]

1. e4 c5 2. Nf3 Nc6 3. c4 g6 4. d4 cxd4 5. Nxd4 Bg7 6. Be3 Nf6 7. Nc3 O-O
8. Be2 d6 9. O-O Bd7 10. a3 Nxd4 11. Bxd4 Bc6 12. Qc2 Nd7 13. Rad1 Bxd4 14.
Rxd4 Rc8 15. Rfd1 b6 16. Bg4 Rc7 17. f4 Nf6 18. Bh3 Qa8 19. e5 Ne8 20. Qf2
f5 21. Qe3 Qc8 22. Qe2 Qe6 23. g4 Kh8 24. Nd5 Bxd5 25. cxd5 Qf7 26. g5 Ng7
27. e6 Qe8 28. Bg2 Qc8 29. Bf3 Rc2 30. R4d2 Qc5+ 31. Qf2 Rc8 32. Qxc5 R8xc5
33. Kf2 Ne8 34. Ke3 Nc7 35. h4 a5 36. Rxc2 Rxc2 37. Rd2 Rc1 38. Re2 Na6 39.
Kd2 Rc4 40. Ke3 Nc5 41. Rd2 a4 42. Rd4 Rc1 43. Rd1 Rc2 44. Rd2 Rxd2 45.
Kxd2 Kg7 46. Kc3 Kf8 47. Kd4 Ke8 48. Kc4 Kd8 49. h5 Ke8 50. hxg6 hxg6 51.
Kc3 Kd8 52. Kc4 Kc7 53. Bd1 Kb7 54. Be2 Ne4 55. Kd4 Kc7 56. Bb5 Kd8 57.
Bxa4 Nc5 58. Bc2 b5 59. b4 Na6 60. Bxf5 gxf5 61. g6 1-0

[Event "XXXI Campeonato Regional Absoluto Individual"]
[Site "Museo del Vino - Jumilla 2016"]
[Date "2016.04.02"]
[Round "1.10"]
[White "Daniel Navarro Martínez"]
[Black "Francisco Javier Baños Cumbrera"]
[WhiteElo "1932"]
[BlackElo "1531"]
[Result "1-0"]

1. e4 c5 2. Nf3 d6 3. d4 cxd4 4. Nxd4 Nf6 5. Nc3 e5 6. Nde2 Be7 7. Ng3 O-O
8. Bd3 b6 9. O-O Nbd7 10. f4 exf4 11. Bxf4 Ne5 12. Be2 Bg4 13. Nf5 Bxe2 14.
Qxe2 Re8 15. Rad1 Qc7 16. Nb5 Qc5+ 17. Be3 Qc4 18. Qxc4 Nxc4 19. Nc7 g6 20.
Nh6+ Kf8 21. Bg5 Kg7 22. Nxa8 Rxa8 23. b3 Ne5 24. h3 Rc8 25. c4 Rc5 26.
Bxf6+ Bxf6 27. Ng4 Nxg4 28. hxg4 Be5 29. g5 h5 30. gxh6+ Kxh6 31. Rxf7 a5
32. Rd5 Rc6 33. Kf2 Kg5 34. Kf3 Kh5 35. Rb5 a4 36. Rb7 axb3 37. axb3 g5 38.
R7xb6 Rc7 39. g4+ Kg6 40. Rxe5 1-0

[Event "XXXI Campeonato Regional Absoluto Individual"]
[Site "Museo del Vino - Jumilla 2016"]
[Date "2016.04.02"]
[Round "1.11"]
[White "Diego Mauricio Santos Quesada"]
[Black "Leopoldo González Brusi"]
[WhiteElo "1520"]
[BlackElo "1923"]
[BlackTitle "AGM"]
[Result "0-1"]

1. d4 d5 2. Nf3 Nf6 3. Bf4 c6 4. e3 Qb6 5. b3 Bf5 6. Bd3 e6 7. Bxf5 exf5 8.
O-O Ne4 9. Ng5 Be7 10. Nxe4 fxe4 11. Qg4 O-O 12. Bh6 Bf6 13. f3 Bxd4 14.
exd4 Qxd4+ 15. Kh1 Qf6 16. Bg5 Qxa1 17. fxe4 f5 18. exf5 Nd7 19. Be7 Rf7
20. f6 Nxf6 21. Qe6 Re8 22. Nd2 Qxa2 23. Rxf6 gxf6 24. Qg4+ Rg7 25. Qe6+
Kh8 26. Qxf6 Rxe7 27. Nf3 Rf7 28. Qe5 Qb1+ 29. Ng1 Qxc2 30. Qe8+ Rg8 0-1

[Event "XXXI Campeonato Regional Absoluto Individual"]
[Site "Museo del Vino - Jumilla 2016"]
[Date "2016.04.02"]
[Round "1.12"]
[White "Pedro Pol Plazas"]
[Black "José Gil Villaescusa"]
[WhiteElo "1888"]
[BlackElo "1423"]
[Result "1-0"]

1. e4 c5 2. Nf3 d6 3. d4 cxd4 4. Nxd4 Nf6 5. Nc3 a6 6. Bg5 e6 7. f4 Be7 8.
Qf3 Nbd7 9. O-O-O Qc7 10. Be2 b5 11. Bxf6 Bxf6 12. Ndxb5 axb5 13. Nxb5
Bxb2+ 14. Kxb2 Rb8 15. Ka1 Qa5 16. Nxd6+ Ke7 17. Nc4 Qc7 18. Qa3+ Nc5 19.
Rd6 Bd7 20. Rhd1 Rhd8 21. Ne5 Ke8 22. Qc3 Qb7 23. Nxd7 Nxe4 24. Qxg7 Nxd6
25. Qf8+ Kxd7 26. Rxd6+ 1-0

[Event "XXXI Campeonato Regional Absoluto Individual"]
[Site "Museo del Vino - Jumilla 2016"]
[Date "2016.04.02"]
[Round "1.13"]
[White "Roberto Patricio López Arroniz"]
[Black "Felipe Alcaraz Martínez"]
[WhiteElo "1422"]
[BlackElo "1887"]
[Result "0-1"]

1. d4 d5 2. Nf3 e6 3. Bf4 Nf6 4. e3 a6 5. Bd3 c5 6. c3 Nc6 7. Nbd2 Be7 8.
h3 b5 9. Ne5 Bb7 10. O-O O-O 11. Ndf3 Ne4 12. Nxc6 Bxc6 13. Ne5 Bb7 14. f3
Nf6 15. Qe1 Nh5 16. Bg3 Bd6 17. f4 f5 18. Be2 Nf6 19. Bh4 Qe8 20. Bxf6 gxf6
21. Qg3+ Kh8 22. Nd3 c4 23. Ne1 e5 24. fxe5 fxe5 25. Qh4 e4 26. Bh5 Qe6 27.
g3 Rg8 28. g4 Raf8 29. Ng2 Qh6 30. Nf4 Bxf4 31. exf4 fxg4 32. hxg4 Rxf4 33.
Rxf4 Qxf4 34. Rf1 Qh6 35. Qf6+ Qxf6 36. Rxf6 Rd8 37. g5 Bc8 38. Kf2 Rg8 39.
g6 hxg6 40. Rxg6 Rxg6 41. Bxg6 Kg7 42. Be8 Kf6 43. Kg3 Ke7 44. Bh5 Bd7 45.
Kf4 Kd6 46. b4 cxb3 47. axb3 a5 48. Bd1 a4 49. bxa4 bxa4 50. Bc2 a3 51. Bb3
Bb5 52. Ba2 Bc4 53. Bb1 a2 54. Bxa2 Bxa2 55. Ke3 Ke6 56. Kf4 Bc4 0-1

[Event "XXXI Campeonato Regional Absoluto Individual"]
[Site "Museo del Vino - Jumilla 2016"]
[Date "2016.04.02"]
[Round "1.15"]
[White "Joaquín Macía Senent"]
[Black "José Miguel Abad González"]
[WhiteElo "1407"]
[BlackElo "1848"]
[Result "1/2-1/2"]

1. d4 Nf6 2. c4 e6 3. Nc3 c5 4. Nf3 d5 5. e3 Nc6 6. Be2 a6 7. Bd2 cxd4 8.
exd4 dxc4 9. Qa4 Bd7 10. Qxc4 b5 11. Qb3 Na5 12. Qd1 Bc6 13. h3 Bd6 14. Bg5
O-O 15. O-O h6 16. Be3 b4 17. Na4 Nd5 18. Rc1 Nf4 19. Bxf4 Bxf4 20. Ra1 Nb7
21. b3 Bxa4 22. bxa4 Bd6 23. Bc4 Na5 24. Bb3 Nxb3 25. axb3 Rc8 26. Rc1 Rc3
27. Rxc3 bxc3 28. Qc2 Bb4 29. Rd1 Qd5 30. Ne5 Rd8 31. Nc4 a5 32. Ne3 Qc6
33. Qd3 Rc8 34. Nc4 Rd8 35. Qc2 Qd5 36. Ne3 Qh5 37. Rd3 Qh4 38. Qd1 Qe4 39.
f3 Qf4 40. Nc2 Bd6 41. Ne3 Qh2+ 42. Kf1 Bf4 43. Kf2 Bxe3+ 44. Rxe3 Qf4 45.
Rxc3 Qxd4+ 1/2-1/2

[Event "XXXI Campeonato Regional Absoluto Individual"]
[Site "Museo del Vino - Jumilla 2016"]
[Date "2016.04.02"]
[Round "1.16"]
[White "Juan Sergio Pérez Hernández"]
[Black "Pedro Salmerón Castro"]
[WhiteElo "1838"]
[BlackElo "1360"]
[Result "1-0"]

1. d4 d5 2. Nf3 g6 3. Bf4 Nf6 4. e3 c6 5. c3 Bg7 6. Be2 O-O 7. O-O Nbd7 8.
Nbd2 Re8 9. h3 Ne4 10. Qc2 Ndf6 11. Bd3 Nxd2 12. Qxd2 Ne4 13. Qc2 f5 14.
Ne5 e6 15. Rfe1 g5 16. Bh2 h5 17. f3 Nd6 18. Qf2 Nf7 19. Nxf7 Kxf7 20. g4
h4 21. Be5 Bh6 22. Qc2 Qd7 23. e4 dxe4 24. fxe4 f4 25. d5 Bg7 26. Bxg7 Kxg7
27. c4 e5 28. Qc3 Kf6 29. Rad1 b6 30. b4 a5 31. a3 Bb7 32. Rb1 a4 33. Bc2
b5 34. cxb5 cxb5 35. Qc5 Rab8 36. Bd3 Ba8 37. Rec1 Rec8 38. Qf2 Bb7 39. Rc5
Ba6 40. Rbc1 Rxc5 41. Qxc5 Kg7 42. Qc7 Qxc7 43. Rxc7+ Kf8 44. Rh7 Kg8 45.
Rh6 Bc8 46. Rg6+ Kf7 47. Rxg5 Bd7 48. Rxe5 Rc8 49. d6 Rc3 50. Re7+ Kf6 51.
e5+ Kg5 52. Rg7+ Kh6 53. Rh7+ Kg5 54. Rh5# 1-0

[Event "XXXI Campeonato Regional Absoluto Individual"]
[Site "Museo del Vino - Jumilla 2016"]
[Date "2016.04.02"]
[Round "1.17"]
[White "Fidel Torres Gómez"]
[Black "José Ruiz García"]
[WhiteElo "1268"]
[BlackElo "1836"]
[Result "0-1"]

1. e4 c6 2. d4 d5 3. Nc3 dxe4 4. Nxe4 Bf5 5. Nc3 e6 6. Nf3 Nf6 7. Bg5 Be7
8. Bxf6 Bxf6 9. g3 Bg4 10. Qd3 Bxf3 11. Qxf3 Qxd4 12. Bd3 Nd7 13. O-O Ne5
14. Qe2 Nxd3 15. cxd3 O-O 16. Rac1 Rfd8 17. Rfd1 Rd7 18. Rc2 Rad8 19. Ne4
Be7 20. Nc5 Bxc5 21. Rc4 Qxc4 22. dxc4 Rxd1+ 23. Kg2 R8d2 24. Qe5 Bxf2 25.
Kh3 Bg1 26. Qc7 Rxh2+ 27. Kg4 h5+ 28. Kf3 Rf2+ 29. Ke4 f5+ 30. Ke5 Re2+ 31.
Kf4 Re4+ 32. Kg5 Rg4+ 33. Kxh5 Rd2 0-1

[Event "XXXI Campeonato Regional Absoluto Individual"]
[Site "Museo del Vino - Jumilla 2016"]
[Date "2016.04.02"]
[Round "1.18"]
[White "Jaime Espadiña Solano"]
[Black "Ana Isabel Duran Cerezo"]
[WhiteElo "1736"]
[BlackElo "1258"]
[Result "1-0"]

1. e4 e6 2. d3 d5 3. Nd2 Nf6 4. Ngf3 Nc6 5. c3 d4 6. cxd4 Nxd4 7. Nxd4 Qxd4
8. Be2 e5 9. O-O Be6 10. Nb3 Qd7 11. h3 Bd6 12. Be3 O-O 13. Nc5 Bxc5 14.
Bxc5 Rfd8 15. Qc2 b6 16. Be3 Rac8 17. b4 c5 18. bxc5 bxc5 19. Qc3 Qd6 20.
Rfc1 Rc6 21. Bxc5 Qc7 22. Qa3 a5 23. Be3 Bd7 24. Rxc6 Bxc6 25. Rc1 a4 26.
Qc5 Rc8 27. Bd1 Nd7 28. Qa3 Nb6 29. Bxb6 Qxb6 30. Qxa4 g6 31. Qb3 Qd4 32.
Qc4 Bb7 33. Qxd4 exd4 34. Rxc8+ Bxc8 35. Kf1 Kg7 36. Bb3 Kf6 37. f4 Ba6 38.
Ke2 Bb7 39. Bc4 Ke7 40. a4 f5 41. Bd5 Ba6 42. e5 Kd7 43. a5 Bb5 44. Bb7 Kc7
45. a6 Kb6 46. g4 Bd7 47. g5 Be6 48. Kf3 Bb3 49. Bc8 Bd5+ 50. Kg3 Bf7 51.
e6 Bxe6 52. Bxe6 Kxa6 53. Bg8 1-0

[Event "XXXI Campeonato Regional Absoluto Individual"]
[Site "Museo del Vino - Jumilla 2016"]
[Date "2016.04.02"]
[Round "1.20"]
[White "Antonio Campos Rodríguez"]
[Black "Sergio Sánchez Gómez"]
[WhiteElo "1716"]
[BlackElo "1235"]
[Result "1/2-1/2"]

1. e4 e6 2. Nf3 d5 3. exd5 exd5 4. d4 Nc6 5. Nc3 Nf6 6. Bg5 Be7 7. Be2 O-O
8. O-O a6 9. a3 Bf5 10. Re1 Ne4 11. Bxe7 Nxe7 12. Ne5 Nxc3 13. bxc3 Qd6 14.
c4 b6 15. cxd5 Nxd5 16. Bf3 Rad8 17. Qd2 b5 18. c4 bxc4 19. Nxc4 Qf6 20.
Re5 Nb6 21. Qc3 Nxc4 22. Qxc4 g6 23. Rae1 Qd6 24. g4 Be6 25. d5 Bc8 26. a4
Bd7 27. h3 Rde8 28. Rxe8 Rxe8 29. Rxe8+ Bxe8 30. Be2 a5 1/2-1/2

[Event "XXXI Campeonato Regional Absoluto Individual"]
[Site "Museo del Vino - Jumilla 2016"]
[Date "2016.04.02"]
[Round "1.21"]
[White "Javier Valera Aznar"]
[Black "Juan José Reina"]
[WhiteElo "1190"]
[BlackElo "1714"]
[BlackTitle "AFM"]
[Result "0-1"]

1. e4 e5 2. Bc4 Nf6 3. d3 Nc6 4. Nf3 Be7 5. c3 d6 6. O-O O-O 7. Re1 Bg4 8.
Nbd2 Qd7 9. b4 a5 10. b5 Nd8 11. a4 b6 12. Nf1 c6 13. Ne3 Be6 14. Qb3 cxb5
15. Qxb5 Qxb5 16. Bxb5 Rc8 17. Nc4 Bxc4 18. Bxc4 Ne6 19. Ba6 Rxc3 20. Be3
Nc5 21. Bc4 Nxd3 22. Bxd3 Rxd3 23. Bxb6 Bd8 24. Re3 Rxe3 25. Bxe3 Nxe4 26.
Rd1 Be7 27. Nd2 Nc3 28. Ra1 d5 29. Nb3 d4 30. Bd2 Bb4 31. Kf1 Rc8 32. Rc1
Rb8 33. Bxc3 Bxc3 34. Nc5 Rb4 35. Ne4 Rxa4 36. Nxc3 dxc3 37. Rxc3 f6 38.
Ke2 Ra2+ 39. Ke3 a4 40. h3 a3 41. Ke4 Rxf2 42. Rxa3 Rxg2 43. Kd5 Kf7 44. h4
Kg6 45. Ra7 Rh2 46. Ke6 Rxh4 47. Ra1 h5 48. Rg1+ Rg4 49. Rh1 e4 50. Re1 h4
51. Re3 Kg5 52. Kf7 g6 53. Ke6 f5 54. Ra3 Rg3 55. Ra6 h3 56. Kf7 Kh5 57.
Ra8 g5 58. Kf6 Kg4 59. Rg8 Kf4 60. Rh8 e3 61. Re8 h2 0-1

[Event "XXXI Campeonato Regional Absoluto Individual"]
[Site "Museo del Vino - Jumilla 2016"]
[Date "2016.04.02"]
[Round "1.22"]
[White "Pablo Gil Manzano"]
[Black "Felix Sabater Sánchez"]
[WhiteElo "1685"]
[BlackElo "1988"]
[Result "0-1"]

1. d4 Nf6 2. Bf4 d5 3. e3 g6 4. Be2 Bg7 5. Nf3 O-O 6. h3 Nbd7 7. Nbd2 c5 8.
c3 b6 9. Ne5 Nxe5 10. Bxe5 Bb7 11. O-O Nd7 12. Bxg7 Kxg7 13. Qc2 Nf6 14.
Rad1 Qc7 15. Qb1 Rac8 16. Bd3 e5 17. dxe5 Qxe5 18. Nf3 Qe7 19. Rfe1 Ne4 20.
c4 dxc4 21. Bxc4 Rcd8 22. Bf1 Rfe8 23. Qc2 a6 24. Nd2 Rxd2 25. Rxd2 Nxd2
26. Qxd2 Rd8 27. Qc2 Qd6 28. Rc1 Qd2 29. Qb1 Be4 30. Qa1 Kg8 31. Bxa6 Qa5
32. Be2 Rd2 33. Bd1 c4 34. Rxc4 Qf5 35. f3 Qg5 36. Rc8+ Kg7 37. b4+ Kh6 38.
Be2 Qxe3+ 39. Kh1 Qxe2 40. Qg1 Rd1 0-1

[Event "XXXI Campeonato Regional Absoluto Individual"]
[Site "Museo del Vino - Jumilla 2016"]
[Date "2016.04.02"]
[Round "1.23"]
[White "Jesús Salmerón Lucas"]
[Black "Juan Antonio Martínez Martínez"]
[WhiteElo "1417"]
[BlackElo "1680"]
[Result "0-1"]

1. e4 d5 2. exd5 Nf6 3. c4 c6 4. dxc6 Nxc6 5. Nf3 e5 6. Nc3 e4 7. Qe2 Qe7
8. Ng5 Nd4 9. Qd1 h6 10. Nh3 Bxh3 11. gxh3 Nf3+ 12. Ke2 O-O-O 13. Bg2 Qe6
14. Bxf3 exf3+ 15. Kxf3 Rd3+ 16. Kg2 Qxh3+ 17. Kg1 Bc5 18. Qf1 Qxf1+ 19.
Kxf1 Rf3 20. Nd1 Ne4 21. Kg2 Rf6 22. Rf1 Rd8 23. Nc3 Rg6+ 24. Kf3 Nxf2 25.
Ne4 Nxe4 26. Kxe4 Rd4+ 27. Kf3 Rf6+ 28. Kg2 Rg4+ 29. Kh3 Rxf1 30. Kxg4 Bb4
31. b3 Bxd2 32. Bb2 Rf2 33. h3 f5+ 34. Kh5 Rh2 35. Bxg7 Rxh3+ 36. Kg6 Rg3+
37. Kh5 Rg5+ 38. Kxh6 Rg1+ 39. Kh7 Rxa1 40. Bxa1 f4 41. Kg6 f3 42. Bd4 Be1
43. Kf5 f2 44. Bxf2 Bxf2 45. Ke5 Bc5 46. Ke4 Kc7 47. Kd3 Kb6 48. Kc3 Ka5
49. a4 b6 50. Kb2 Kb4 0-1

[Event "XXXI Campeonato Regional Absoluto Individual"]
[Site "Museo del Vino - Jumilla 2016"]
[Date "2016.04.09"]
[Round "2.1"]
[White "Emilio Miguel Jerez Sánchez"]
[Black "Julio César Herreros Guillermo"]
[WhiteElo "2272"]
[BlackElo "1855"]
[WhiteTitle "FM"]
[Result "1-0"]

1. e4 e5 2. Bc4 Nf6 3. Nc3 Be7 4. d3 O-O 5. f4 d6 6. Nf3 Nc6 7. f5 Nd4 8.
O-O c6 9. Nxd4 exd4 10. Ne2 d5 11. exd5 Nxd5 12. Nxd4 Qb6 13. c3 Bf6 14.
Qg4 Re8 15. Bg5 Qxb2 16. Bxd5 Bxg5 17. Qxg5 Qxc3 18. Bxf7+ Kxf7 19. Qh5+
Kf8 20. Ne6+ Bxe6 21. fxe6+ Kg8 22. Qf7+ Kh8 23. Qxb7 Qxd3 24. Qxc6 Qe3+
25. Kh1 Qxe6 1-0

[Event "XXXI Campeonato Regional Absoluto Individual"]
[Site "Museo del Vino - Jumilla 2016"]
[Date "2016.04.09"]
[Round "2.2"]
[White "José Ruiz García"]
[Black "Iban Lucas Vega"]
[WhiteElo "1836"]
[BlackElo "2209"]
[Result "1-0"]

1. d4 e6 2. c4 f5 3. g3 Nf6 4. Bg2 d5 5. Nc3 c6 6. Nh3 Bd6 7. O-O O-O 8. c5
Bc7 9. Bf4 Bxf4 10. Nxf4 Qe7 11. Nd3 Nbd7 12. f4 Ng4 13. Qd2 Ndf6 14. h3
Nh6 15. Ne5 Nd7 16. Nf3 b6 17. b4 Bb7 18. Na4 Kh8 19. Nb2 a5 20. a3 axb4
21. axb4 b5 22. Nd3 Nf7 23. Ra5 Rxa5 24. bxa5 Ra8 25. Ra1 Nb8 26. Ng5 Nxg5
27. fxg5 Nd7 28. Qf4 e5 29. dxe5 g6 30. h4 Ba6 31. Qd4 Qg7 32. e3 Re8 33.
Nb4 Nb8 34. Nd3 Nd7 35. Nb4 Nb8 36. Nd3 Bc8 37. Bf3 Na6 38. Kf2 Nb8 39. Rh1
Nd7 40. h5 Kg8 41. hxg6 hxg6 42. Rh6 Nf8 43. Nf4 Be6 44. Bd1 Bf7 45. Nd3
Nd7 46. g4 Nxe5 47. Nxe5 Rxe5 48. a6 fxg4 49. Bxg4 Re7 50. Bc8 Ra7 51. Bb7
Be6 52. Ke2 b4 53. Kd2 Bf5 54. Kc1 Qxd4 55. exd4 Kg7 56. Kb2 Bd3 57. Bxc6
Bxa6 58. Bxd5 Bd3 59. Rh4 Rd7 60. Be6 {Ilegible} 1-0

[Event "XXXI Campeonato Regional Absoluto Individual"]
[Site "Museo del Vino - Jumilla 2016"]
[Date "2016.04.09"]
[Round "2.3"]
[White "Alejandro Castellanos Gómez"]
[Black "Juan Sergio Pérez Hernández"]
[WhiteElo "2137"]
[BlackElo "1838"]
[Result "1-0"]

1. d4 d5 2. Bf4 Nf6 3. Nf3 c5 4. e3 Qb6 5. Nc3 e6 6. Rb1 Bd7 7. Be2 Be7 8.
h3 Ne4 9. O-O O-O 10. Bxb8 Raxb8 11. Nxe4 dxe4 12. dxc5 Qc6 13. Ne5 Qc7 14.
Qxd7 Qxc5 15. Qb5 Rfd8 16. Qxc5 Bxc5 17. Rfd1 Bd6 18. Nc4 Bf8 19. Rxd8 Rxd8
20. Rd1 Rc8 21. c3 Rc7 22. Nd6 a5 23. Nxe4 a4 24. Rd8 h6 25. a3 f5 26. Nd6
g6 27. Bb5 Rc5 28. Bxa4 b6 29. Bb3 Kg7 30. Rd7+ Kh8 31. Bxe6 Ra5 32. f4 b5
33. Nf7+ 1-0

[Event "XXXI Campeonato Regional Absoluto Individual"]
[Site "Museo del Vino - Jumilla 2016"]
[Date "2016.04.09"]
[Round "2.4"]
[White "Manuel Giménez Gil"]
[Black "Ángel Murcia Paredes"]
[BlackTitle "CM"]
[WhiteElo "1727"]
[BlackElo "2128"]
[Result "0-1"]

1. e4 e5 2. Nf3 Nc6 3. Nc3 Nf6 4. d4 Bb4 5. Bg5 h6 6. Bxf6 Qxf6 7. d5 Ne7
8. a3 Bxc3+ 9. bxc3 O-O 10. Be2 d6 11. c4 Bd7 12. Rb1 Rfb8 13. c3 Qg6 14.
O-O Qxe4 15. Bd3 Qf4 16. g3 Qg4 17. Be2 Qh3 18. Nh4 g5 19. Ng2 Qf5 20. Ne3
Qg6 21. Bh5 Qg7 22. Be2 b6 23. Bd3 Rf8 24. Qc2 f5 25. Ng2 Ng6 26. f3 Rf6
27. Rf2 Raf8 28. Rbf1 h5 29. Qd2 Ne7 30. Kh1 Kf7 31. Kg1 Ke8 32. Rb1 Rg8
33. Kf1 Rgf8 34. Ke1 h4 35. Kd1 h3 36. Ne1 g4 37. f4 Kd8 38. Rf1 Re8 39.
Qc1 exf4 40. gxf4 Rf7 41. Kd2 {Ilegible} 0-1

[Event "XXXI Campeonato Regional Absoluto Individual"]
[Site "Museo del Vino - Jumilla 2016"]
[Date "2016.04.09"]
[Round "2.5"]
[White "Luis Fernández Alvarez"]
[Black "Jaime Espadiña Solano"]
[WhiteElo "2085"]
[BlackElo "1736"]
[Result "1-0"]

1. e4 e5 2. Bc4 Nf6 3. Nc3 Bb4 4. d3 c6 5. Bg5 h6 6. Bh4 d6 7. Ne2 Nbd7 8.
O-O g5 9. Bg3 b5 10. Bb3 a5 11. a3 Bc5 12. d4 Bb6 13. d5 Nc5 14. dxc6 Nxb3
15. cxb3 Ba6 16. Rc1 b4 17. Nd5 Nxd5 18. Qxd5 Qc7 19. Rc2 Rc8 20. Rfc1 h5
21. h4 g4 22. Bh2 Bxe2 23. Rxe2 O-O 24. Kh1 Qe7 25. f4 Qxh4 26. g3 Qf6 27.
Kg2 h4 28. Rf1 h3+ 29. Kh1 exf4 30. Rxf4 Qg6 31. Rf5 Bd8 32. Bg1 Qe6 33.
Bd4 Qxd5 34. exd5 f6 35. Re4 Kf7 36. Rxg4 Re8 37. Rgf4 bxa3 38. bxa3 Re1+
39. Kh2 Be7 40. Bxf6 Re2+ 41. Kxh3 Rh8+ 1-0